01924 a2200361 45000010006000000050017000060080041000230030015000640400040000790800035001192450028001540200018001822640043002003000024002435050787002671000029010547000021010837000027011047000023011317000029011547000022011837000026012057000027012317000023012587000030012817000021013117000026013327000034013587000024013927000023014167000026014398560097014651634820260407155458.0260407a1995 arg spa dAR-UNSa-BCEJYS aAR-UNSa-BCEJYSbspacAR-UNSa-BCEJYS a657.47xContabilidad de Costos10aCostos para empresarios a950-537-322-8 1aBuenos Aires :bEdiciones Macchic1995 axix, 857 p.c22 cm. a1. Introducción al estudio de la contabilidad de costos - 2. Ciclos de la contabilidad de costos y libros - 3. Materias primas y materiales - 4. La mano de obra productiva - 5. Sistema de costos por procesos - 6. Costos en la producción conjunta - 7. Costos indirectos de fabricación o cargas fabriles ABC - 8. Costos de distribución - 9. El presupuesto operativo - 10. Costos predeterminados - 11. Costos para la toma de decisiones - 12. El punto de equilibrio - 13. El punto de equilibrio con multiproductos - 14. El punto de nivelación y las estrategias del beneficio - 15. Costos financieros - 16. Implantación de un sistema de costos en empresas de servicios - 17. tasa de rentabilidad. Evaluaciones y decisiones basadas en su uso - 18. Informes para la dirección1 aGiménez, Carlos Manuel1 aAugusto, Roberto1 aBottaro, Oscar Eduardo1 aCuyumgian, Eduardo1 aDominguez, Luis Martín1 aErcole, Raúl A.1 aEspósito, Walter O.1 aFont de Malugani, Elba1 aGallego, Arturo V.1 aLópez Couceiro, Edmundo1 aMacrini, Domingo1 aPhielipps, Edgardo A.1 aRodríguez Jauregui, Hugo A.1 aSafarano, José M.1 aWajchman, Mauricio1 aYardin, Amaro Ramón41uhttps://www.biblioeco.unsa.edu.ar/pmb/images/libros/16348.jpgyImagen de portadaqimage/jpeg